| 000 | 00759cam a22002533a 4500 | ||
|---|---|---|---|
| 001 | 28284 | ||
| 003 | PGUSA | ||
| 005 | 20140828083618.0 | ||
| 008 | 090309s2009||||xxu|||||s|||||000 | eng d | ||
| 040 |
_aPGUSA _beng |
||
| 042 | _adc | ||
| 050 | 4 | _aHD | |
| 100 | 1 |
_aHobson, J. A. _q(John Atkinson), _d1858-1940 |
|
| 245 | 1 | 4 |
_aThe Evolution of Modern Capitalism : _bA Study of Machine Production _h[electronic resource] / _cJ. A. Hobson |
| 260 |
_bProject Gutenberg, _c2009 |
||
| 506 | _aPublic domain in the USA. | ||
| 516 | _aElectronic text | ||
| 653 | _aCapitalism | ||
| 653 | _aMachinery in the workplace | ||
| 653 | _aIndustries -- History | ||
| 830 | 0 |
_aProject Gutenberg _v28284 |
|
| 856 | 4 | 0 | _uhttp://www.gutenberg.org/ebooks/28284 |
| 942 | _cEB | ||
| 999 |
_c257539 _d257539 |
||